Effect of diffrent organic mulching on sweet pepper under plastic house condition in royal university of agriculture; ឥទ្ធិពលគំរបសរីរាង្គផ្សេងៗគ្នាលើការដាំដុះដំណាំម្ទេស ហាវ៉ៃ ក្នុងលក្ខណ្ឌផ្ទះប្លាសស្ទិក នៅសាកលវិទ្យាល័យភូមិន្ទកសិកម្ម (Record no. 8010)

000 -LEADER
fixed length control field 00837nam a22001577a 4500
003 - CONTROL NUMBER IDENTIFIER
control field OSt
005 - DATE AND TIME OF LATEST TRANSACTION
control field 20160517102355.0
008 - FIXED-LENGTH DATA ELEMENTS--GENERAL INFORMATION
fixed length control field 160517b xxu||||| |||| 00| 0 eng d
040 ## - CATALOGING SOURCE
Transcribing agency RUA
082 ## - DEWEY DECIMAL CLASSIFICATION NUMBER
Classification number AGR SOK 2011 B470 Or.1
100 ## - MAIN ENTRY--PERSONAL NAME
9 (RLIN) 8362
Personal name SOK RATANAK; សុខ រតនៈ
245 ## - TITLE STATEMENT
Title Effect of diffrent organic mulching on sweet pepper under plastic house condition in royal university of agriculture; ឥទ្ធិពលគំរបសរីរាង្គផ្សេងៗគ្នាលើការដាំដុះដំណាំម្ទេស ហាវ៉ៃ ក្នុងលក្ខណ្ឌផ្ទះប្លាសស្ទិក នៅសាកលវិទ្យាល័យភូមិន្ទកសិកម្ម
260 ## - PUBLICATION, DISTRIBUTION, ETC. (IMPRINT)
Place of publication, distribution, etc. Phnom Penh
Name of publisher, distributor, etc. RUA
Date of publication, distribution, etc. 2011
300 ## - PHYSICAL DESCRIPTION
Extent xii;60p.
Other physical details ill.
Dimensions 29cm.
942 ## - ADDED ENTRY ELEMENTS (KOHA)
Source of classification or shelving scheme
Koha item type AGR
Holdings
Price effective from Date last seen Permanent Location Not for loan Date acquired Source of classification or shelving scheme Koha item type Barcode Lost status Damaged status Shelving location Withdrawn status Current Location Full call number
2016-05-172016-05-17Library Block B 2016-05-17 AGRRUA042561  B470 Library Block BAGR SOK 2011 B470 Or.1
មជ្ឈមណ្ឌលឯការនៃសាកលវិទ្យាល័យភូមិន្ទកសិកម្មចំការដូង

Powered by Koha